Itinerari de la natura : La Font Freda : guia de l'alumne / Vicenç Bros, Jordi Miralles i Joan Real La Font Freda :
Descripción Física:
[28] p. : il. ; 15 x 21 cm
MARC
| LEADER | 00000nam a2200000Ia 4500 | ||
|---|---|---|---|
| 001 | 7962 | ||
| 008 | 160829s9999 xx 000 0 cat d | ||
| 080 | |a FU-1-31 | ||
| 100 | |a Bros, Vicenç |9 35181 | ||
| 245 | |a Itinerari de la natura : |b La Font Freda : |b guia de l'alumne / Vicenç Bros, Jordi Miralles i Joan Real | ||
| 260 | |a Barcelona : |b Diputació. Servei de Parcs Naturals, DL 1981 | ||
| 300 | |a [28] p. : |b il. ; |c 15 x 21 cm | ||
| 650 | |a Natura, Estudi de la |x Parc Natural de Sant Llorenç del Munt i l'Obac |9 34992 | ||
| 700 | |a Miralles, Jordi |9 589 | ||
| 700 | |a Real, Joan |9 34994 | ||
| 710 | |a Barcelona (Catalunya : Província). |b Servei de Parcs Naturals |9 53492 | ||
| 901 | |a Arxiu | ||
| 942 | |n 1 | ||
| 952 | |0 0 |1 0 |4 0 |6 FU131 |7 1 |9 46723 |a Arxiu |b Arxiu |d 2016-12-01 |l 0 |o FU-1-31 |p 7962 |r 2016-12-01 00:00:00 |w 2016-12-01 |y ARXIU | ||
| 999 | |c 50516 |d 50516 | ||